Statistics for Qu- Words

Click here to take the quiz!

General Stats

  • This quiz has been taken 26 times
    (22 since last reset)
  • The average score is 13 of 23

Answer Stats

HintAnswer% Correct
A short test of knowledgeQuiz
100%
What the duck saysQuack
95%
Freddie MecuryQueen
95%
1/4Quarter
90%
Repeat a passage from a work or author or statementQuote
85%
A long or arduous search for somethingQuest
75%
A line or sequence of peopleQueue
75%
City in EcuadorQuito
75%
The hollow shaft of a featherQuill
65%
Game BirdQuail
60%
To TrembleQuake
60%
Subatomic ParticleQuark
60%
One Pound SterlingQuid
60%
A witty remarkQuip
55%
Fixed minimum or maximum number of a particular groupQuota
55%
Antimalarial DrugQuinine
50%
A four-sided plane figureQuadrangle
40%
A clam or Griffin Family hometownQuahog
40%
A platform lying alongside or projecting into waterQuay
35%
A FruitQuince
30%
NauseatedQueazy
15%
Peculiar or unexpected traitsQuirky
15%
Being partly or almostQuasi
10%

Score Distribution

Percentile by Number Answered

Percent of People with Each Score

Your Score History

You have not taken this quiz since the last reset